000 00255nam a22001217a 4500
008 170510b xxu||||| |||| 00| 0 eng d
041 _aeng
080 _a34
100 _a15
101 _aSHJ
245 _aA THEORY JUSTICE
_cRAWLS.J
942 _2udc
_cBK
999 _c13051
_d13051